000 00463nam a2200181Ia 4500
001 22626
005 20260414150843.0
008 260414t2011||||xx |||||||||||||| ||spa||
041 _aESP
082 _a621.3822
_bM22
100 _aManolakis, Dimitris G.,
_eAUT
245 0 _aApplied digital signal processing :
_bheory and practice
260 _c2011
300 _ax, 990 páginas :
_c25 cm.
650 _aTCA
654 _aCET
942 _cLIB
_dJUS
_fJUS
_2ddc
_n
999 _c22626
_d22626